000 01472nam a2200277Ia 4500
999 _c47139
_d47139
001 13997
003 GE_BSU
005 20191122115947.0
008 181216s2012||||ge |||||||||||||| ||geo||
020 _a9789941196836
040 _cGE_BSU
041 _ageo
080 _a821.111-31 ბ-93
100 _aბრონტე, შარლოტა
_95524
245 _aჯეინ ეარი :
_b[რომანი] /
_cშარლოტა ბრონტე ; თამარ მაღრაძისა და ზეინაბ ხახანაშვილის თარგმანი ; ლექსები თარგმნა ინოლა გურგულიამ ; რედ. მაია ალუდაური.
264 _aთბილისი :
_bპალიტრა L,
_c2012.
300 _a507 გვ. ;
_b22 სმ.
490 _a50 წიგნი, რომელიც უნდა წაიკითხო, სანამ ცოცხალი ხარ,
_vწ. 32
541 _h12ლ.
653 _aრომანი
700 _aმაღრაძე, თამარ
_eმთარგმნელი
_95525
700 _a ხახანაშვილი, ზეინაბ
_eმთარგმნელი
_95526
700 _aგურგულია, ინოლა
_eმთარგმნელი
_95527
700 _aალუდაური, მაია
_eრედაქტორი
_92096
942 _cBK
_2udc